| 000 | 00633nam a2200229 i 4500 | ||
|---|---|---|---|
| 001 | 92715 | ||
| 003 | ES-MaACL | ||
| 005 | 20231021062532.0 | ||
| 007 | t| | ||
| 008 | 050419s1998 sp ||||1| spa d | ||
| 020 | _a84-8310-066-5 | ||
| 080 | _a821.134.2-31"19" | ||
| 100 | 1 |
_aKléber, Eugenia. _968186 |
|
| 245 | 1 | 0 |
_aAlgo se ha roto / _cEugenia Kléber. |
| 250 | _a1ª ed. | ||
| 260 |
_aBarcelona : _bTusquets, _c1998. |
||
| 300 |
_a165 p. ; _c21 cm. |
||
| 490 | 1 |
_aColección Andanzas ; _v341 |
|
| 830 | 0 | 0 |
_aColección Andanzas _v341 _9234359 |
| 852 |
_aES-MaACL _jE-11008 _bR.134968 |
||
| 999 |
_c92715 _d92715 |
||